Kể chuyện Bác Hồ
Giới thiệu những câu chuyện kể về Bác Hồ - vị lãnh tụ kính yêu suốt đời vì nước, vì dân, luôn tin tưởng vào sức mạnh của quần chúng nhân dân trong công cuộc bảo vệ tổ quốc và xây dựng đất nước...
محفوظ في:
| التنسيق: | كتاب |
|---|---|
| اللغة: | Undetermined |
| منشور في: |
Hà Nội
Giáo dục Việt Nam
2010
|
| الموضوعات: | |
| الوسوم: |
إضافة وسم
لا توجد وسوم, كن أول من يضع وسما على هذه التسجيلة!
|
| Thư viện lưu trữ: | Trung tâm Học liệu Trường Đại học Cần Thơ |
|---|
| LEADER | 00924nam a2200205Ia 4500 | ||
|---|---|---|---|
| 001 | CTU_185149 | ||
| 008 | 210402s9999 xx 000 0 und d | ||
| 020 | |c 37000 | ||
| 082 | |a 895.922803 | ||
| 082 | |b K250/T.6 | ||
| 245 | 0 | |a Kể chuyện Bác Hồ | |
| 245 | 0 | |c Nguyễn Hữu Đảng (Sưu tầm, tuyển chọn) | |
| 260 | |a Hà Nội | ||
| 260 | |b Giáo dục Việt Nam | ||
| 260 | |c 2010 | ||
| 520 | |a Giới thiệu những câu chuyện kể về Bác Hồ - vị lãnh tụ kính yêu suốt đời vì nước, vì dân, luôn tin tưởng vào sức mạnh của quần chúng nhân dân trong công cuộc bảo vệ tổ quốc và xây dựng đất nước | ||
| 650 | |a Ho Chi Minh,Hồ Chí Minh | ||
| 650 | |x Biography,Tiểu sử | ||
| 904 | |i Hải | ||
| 980 | |a Trung tâm Học liệu Trường Đại học Cần Thơ | ||